000 01306nam a2200241Ia 4500
999 _c39047
_d39047
001 5568
003 GE_BSU
005 20190604141550.0
008 181216s1977||||ge |||||||||||||| ||geo||
040 _cGE_BSU
041 _ageo
080 _a69.05(076) ს-24
245 _aსამშენებლო წარმოების ტექნოლოგია ამოცანათა კრებული სანიმუშო ამოცანების ამოხსნით ნაწ. 2 /
_cშ. ბაქანიძე, ზ. ეზუგბაია, ფ. თოდუა, გ. იოსებაშვილი ; რედ. მ. ძიძიგური.
264 _aთბილისი :
_bტექნიკური უნივერსიტეტი,
_c1977.
300 _a89 გვ.;
_c20 სმ.
504 _aბიბლიოგრ. : გვ.86-87.
653 _aსამშენებლო წარმოების ტექნოლოგია
700 _aბაქანიძე, შ.
_eავტორი
_91607
700 _aეზუგბაია, ზ.
_eავტორი
_91608
700 _aთოდუა, ფ.
_eავტორი
_91630
700 _aიოსებაშვილი, გ.
_eავტორი
_91631
942 _cBK
_2udc